000 00465cam a22001934a 4500
005 20250605164303.0
008 250528s ||||||||||||||||||||||||d
035 _a22156
020 _a9789604698950
040 _aGR-AtMCL
_bgre
_dGR-AtMCL
_eAACR2
245 1 _aΤΟ ΑΝΘΡΩΠΙΝΟ ΚΤΗΝΟΣ
250 _a2
260 _bΤο Βημα,
_c2011
300 _a293
700 1 _aΖολα Εμιλ
_98022
942 _cBK
999 _c7212
_d7212